Vùng đất mới: Kí

Chuyển PL về 895.9224

Сохранить в:
Библиографические подробности
Главный автор: Đức Hậu
Формат:
Язык:Undetermined
Опубликовано: Hà Nội Phụ nữ 1979
Предметы:
Метки: Добавить метку
Нет меток, Требуется 1-ая метка записи!
Thư viện lưu trữ: Trung tâm Học liệu Trường Đại học Cần Thơ
LEADER 00507nam a2200181Ia 4500
001 CTU_10483
008 210402s9999 xx 000 0 und d
082 |a 895.9223 
082 |b Đ552v 
100 |a Đức Hậu 
245 0 |a Vùng đất mới: Kí 
245 0 |c Đức Hậu 
260 |a Hà Nội 
260 |b Phụ nữ 
260 |c 1979 
520 |a Chuyển PL về 895.9224 
650 |a vietnamese literature 
980 |a Trung tâm Học liệu Trường Đại học Cần Thơ